000 00491nam a2200181Ia 4500
005 20250326123515.0
008 250326s9999 xx 000 0 und d
037 _aTextbook
040 _aFMSL
_beng
_cFMSL
041 _aeng
_2eng
084 _aX:97 P4
_qFMSL
100 _aSingh B D
245 0 _aIndustrial relations : emerging paradigms
_cSingh B D
260 _aNew Delhi
_bNew Delhi, Excel
_c2004
300 _a420p
942 _cTB
_hX:97 P4
999 _c1269673
_d1269673